Beat the slots (Record no. 112767)

MARC details
000 -LEADER
fixed length control field 00576nam a2200217Ia 4500
008 - FIXED-LENGTH DATA ELEMENTS--GENERAL INFORMATION
fixed length control field 191130s2002##################000#0#eng##
020 ## - INTERNATIONAL STANDARD BOOK NUMBER
ISBN 9781580420631(pbk.)
082 ## - DEWEY DECIMAL CLASSIFICATION NUMBER
Classification number 795.27JEN
100 ## - MAIN ENTRY--AUTHOR NAME
Personal name Jensen, Marten
245 ## - TITLE STATEMENT
Title Beat the slots
Statement of responsibility, etc Marten Jensen
250 ## - EDITION STATEMENT
Edition statement 1st ed
260 ## - PUBLICATION, DISTRIBUTION, ETC. (IMPRINT)
Place of publication Brooklyn, NY
Name of publisher Cardoza Publishing
Year of publication c2002
300 ## - PHYSICAL DESCRIPTION
Number of Pages 144 p. : ill. ; 22 cm
650 ## - SUBJECT ADDED ENTRY--TOPICAL TERM
Topical Term Gambling systems
Topical Term Slot machines
991 ## -
-- 328681
Holdings
Withdrawn status Lost status Damaged status Not for loan Home library Current library Shelving location Date acquired Full call number Accession Number Price effective from Koha item type
        Anna Centenary Library Anna Centenary Library 6TH FLOOR, B WING 12.10.2020 795.27JEN 460020 12.10.2020 English Books

Find us on the map